[Event "16th Deltalift Open 2019"]
[Site "Halmstad"]
[Date "2019.05.31"]
[Round "5.7"]
[White "Harren, Mats"]
[Black "Lindberg, Bengt"]
[Result "1/2-1/2"]
[WhiteElo "2139"]
[BlackElo "2382"]
[Annotator "TA"]
[PlyCount "83"]
[EventDate "2019.05.30"]
[EventType "swiss"]
[EventCountry "SWE"]
[SourceTitle "playchess.com"]
[Source "ChessBase"]
[SourceQuality "1"]

{[%evp 14,83,21,3,33,29,49,43,56,6,12,-19,-22,-27,-25,-29,-13,-14,22,23,17,30,18,54,120,123,116,104,197,149,147,148,366,339,408,422,416,256,273,273,273,273,273,267,267,267,267,267,267,239,291,220,253,233,233,233,233,233,233,243,248,233,233,233,233,252,252,200,200,200,200,200]} 1. e4 c5 2. d4 cxd4 3. c3 Nf6 4. e5 Nd5 5. Nf3 e6 6. cxd4 d6 7. Bc4 Nc6 8. Qe2 dxe5 {B22: Sicilian: 2 c3} (8... Be7 9. O-O O-O 10. Rd1 Nb6 11. Bb3 Bd7 12. Nc3 d5 13. Bc2 Rc8 14. h4 Bxh4 15. Qd3 g6 16. Qe3 f5 17. Qh6 Be7 18. Ng5 Bxg5 19. Bxg5 {1-0 (63) Andreikin,D (2710)-Dubov,D (2691) Satka 2018}) 9. dxe5 a6 10. O-O b5 {White is slightly better.} 11. Bd3 $146 ({Predecessor:} 11. Bb3 Na5 12. Bg5 Be7 13. Bxd5 Qxd5 14. Bxe7 Kxe7 15. Rd1 Qc6 {1-0 (45) Colin,V (2412)-Milchev,N (2465) Rochefort 2014}) 11... Bb7 12. Re1 Be7 13. Nc3 Ncb4 14. Be4 Nxc3 15. bxc3 Nd5 16. Bd2 Qc7 17. a4 bxa4 18. Rxa4 O-O {[#]} (18... Rc8 $14) 19. Rc4 $1 $36 {[%cal Rc4c7][%mdl 2048] White has strong initiative.} Qd7 20. Ng5 h6 (20... Bxg5 $16 {was necessary.} 21. Bxg5 h6) 21. Bh7+ Kh8 22. Bc2 {Qd3! is the strong threat.} Rad8 $2 (22... Rac8 $16) 23. Ba4 Nb6 24. Bxd7 Nxc4 25. Bc1 Rxd7 {[#]} 26. Nxf7+ $1 {[%mdl 512]} Rxf7 27. Qxc4 Bd5 28. Qxa6 Rc7 29. Qd3 Rf5 30. Be3 Rxe5 31. Ra1 Rf5 32. Rb1 Rc8 33. Bd4 Kg8 34. f3 Bc4 35. Qe3 Bg5 36. Qe4 {Black must now prevent Qb7!} Bd5 37. Qe2 Rf7 38. Be5 Bf4 39. Bxf4 Rxf4 40. Qe3 Rfc4 41. Rc1 R8c7 42. Qd3 {Accuracy: White = 64%, Black = 54%.} 1/2-1/2

[Event "16th Deltalift Open 2019"]
[Site "Halmstad"]
[Date "2019.05.31"]
[Round "5.8"]
[White "Holm, Ragnar"]
[Black "Rydstrom, Tom"]
[Result "1/2-1/2"]
[WhiteElo "2124"]
[BlackElo "2365"]
[Annotator "TA"]
[PlyCount "53"]
[EventDate "2019.05.30"]
[EventType "swiss"]
[EventCountry "SWE"]
[SourceTitle "playchess.com"]
[Source "ChessBase"]
[SourceQuality "1"]

{[%evp 22,53,33,28,8,0,0,0,0,0,64,57,67,72,161,189,295,227,244,251,572,582,556,518,511,511,479,317,446,0,200,0,402,0]} 1. d4 Nf6 2. c4 e6 3. Nf3 d5 4. Nc3 c6 5. Bg5 dxc4 6. e4 b5 7. e5 h6 8. Bh4 g5 9. Nxg5 hxg5 10. Bxg5 Nbd7 11. g3 Bb7 12. Bg2 Rg8 {D44: Semi-Slav: Botvinnik System} (12... Qb6 13. exf6 O-O-O 14. O-O c5 15. d5 b4 16. Na4 Qb5 17. a3 Nb8 18. axb4 cxb4 19. Qg4 Bxd5 20. Rfc1 Nc6 21. Bxd5 Rxd5 22. Rxc4 Rxg5 23. Qd4 Kb8 24. Rxc6 Rxg3+ 25. fxg3 Qxc6 26. Rd1 Qc7 27. b3 Kc8 28. Qe4 Kb8 {1-0 (65) Ding,L (2778)-Yu,Y (2734) Danzhou 2016}) 13. Bxf6 Nxf6 14. exf6 Qxf6 {The position is equal.} 15. a4 b4 (15... O-O-O $11) 16. Ne4 $14 Qh8 $146 ({Predecessor:} 16... Qg7 17. Rc1 c3 18. bxc3 O-O-O 19. Qe2 bxc3 20. O-O Rxd4 21. Nxc3 {1-0 (32) Zakhartsov,V (2586)-Isajevsky,A (2424) Kazan 2010}) 17. Rc1 O-O-O (17... Rd8 $16) 18. Rxc4 $18 e5 (18... f5 {might work better.}) 19. O-O exd4 20. Qf3 Qe5 $2 {[#]} (20... Rg6 21. Qf5+ (21. Qxf7 Qg7 $18) 21... Kb8) 21. Nf6 Rg5 22. Rxc6+ Bxc6 23. Qxc6+ Qc7 {Strongly threatening ...Qxc6.} 24. Qa8+ Qb8 {Hoping for ...Qxa8.} 25. Qc6+ (25. Qf3 $142 Qc7 26. Re1) 25... Qc7 {[#] White must now prevent ...Qxc6.} 26. Qa8+ $2 (26. Qe4 $1) 26... Qb8 {...Qxa8 is the strong threat.} 27. Qc6+ $2 {Accuracy: White = 59%, Black = 22%.} ({White must play} 27. Qf3 $18 Qc7 28. Re1) 1/2-1/2

[Event "16th Deltalift Open 2019"]
[Site "Halmstad"]
[Date "2019.05.31"]
[Round "5.9"]
[White "Trost, Edvin"]
[Black "Bellon Lopez, Juan Manuel"]
[Result "0-1"]
[WhiteElo "2047"]
[BlackElo "2345"]
[Annotator "TA"]
[PlyCount "90"]
[EventDate "2019.05.30"]
[EventType "swiss"]
[EventCountry "SWE"]
[SourceTitle "playchess.com"]
[Source "ChessBase"]
[SourceQuality "1"]

{[%evp 19,90,67,63,3,8,0,18,0,22,22,29,24,27,0,15,10,24,12,20,0,0,0,0,0,0,-1,0,-28,-32,-32,-30,-40,-32,-41,-16,-61,-63,-102,-98,-92,-44,-138,-133,-108,-85,-61,-54,-40,-16,-112,-73,-182,-189,-201,-203,-221,-203,-368,-379,-356,-352,-319,-325,-364,-338,-1183,-1162,-1133,-1085,-993,-612,-783,-744]} 1. e4 c5 2. Nf3 Nc6 3. d4 cxd4 4. Nxd4 Nf6 5. Nc3 e5 6. Ndb5 h6 7. Nd6+ Bxd6 8. Qxd6 Qe7 9. Qxe7+ Kxe7 10. Be3 d6 11. Bc4 {B33: Sicilian: Pelikan and Sveshnikov Variations} (11. Be2 $14) (11. O-O-O Be6 12. f3 a6 13. Be2 Rhc8 14. Kb1 b5 15. Rd2 Na5 16. Rhd1 Rc6 17. g4 Nc4 18. Bxc4 Bxc4 19. Re1 b4 20. Nd1 h5 {1-0 (37) Karthikeyan,M (2570)-Libiszewski,F (2481) Caleta 2019}) 11... Be6 $11 12. Bb3 a6 13. f3 {The position is equal.} Rac8 14. O-O-O b5 15. Kb1 $146 ({Predecessor:} 15. Rd2 Na5 16. Kb1 Nc4 17. Bxc4 Rxc4 18. a3 Rhc8 {½-½ (98) Mokshanov,A (2428)-Alekseenko,K (2462) Loo 2014}) 15... Na5 16. Nd5+ Nxd5 17. Bxd5 Bxd5 18. Rxd5 Rc6 19. b3 Nb7 $1 20. Bd2 Rhc8 21. Rc1 Ke6 22. g4 h5 23. h3 hxg4 24. hxg4 Rh8 25. Be3 Rh3 26. Rf1 $1 g6 27. Rd2 Rc3 28. Rd3 Rxd3 29. cxd3 $17 {[%mdl 4096] Endgame KRB-KRN} d5 30. Rf2 (30. Bb6 $15) 30... d4 $1 {[%cal Rd4e3]} 31. Bd2 Nc5 32. Kc2 Rh1 {...Ra1 is the strong threat.} 33. b4 $1 {[%cal Rb4c5]} Na4 34. Bc1 (34. f4 $11) 34... Nc3 35. a3 {[#]} (35. f4 $17) 35... Nd1 $1 $19 {[%cal Rd1f2]} 36. Re2 Rf1 37. Bd2 f6 ({Weaker is} 37... Rxf3 38. Kxd1 Rxd3 39. g5 $11) 38. g5 $2 (38. Re1 {was called for.} Ne3+ 39. Kc1) 38... f5 39. exf5+ Kxf5 40. Re4 {[#]} Nf2 $1 ({Less strong is} 40... Rxf3 41. Kxd1 Rxd3 42. Re1 $17) 41. Rh4 {intending Rh8.} Ra1 42. Rh2 $2 (42. Kb3 Nxd3 43. Rh8) 42... Ra2+ {Black is clearly winning.} 43. Kc1 Nxd3+ 44. Kb1 Rxa3 45. Kc2 {[#]} Nxb4+ $1 {[%mdl 512] Accuracy: White = 31%, Black = 69%.} 0-1

[Event "16th Deltalift Open 2019"]
[Site "Halmstad"]
[Date "2019.05.31"]
[Round "5.10"]
[White "Olund, Joar"]
[Black "Svensson, Mikael"]
[Result "1/2-1/2"]
[WhiteElo "2328"]
[BlackElo "2125"]
[Annotator "TA"]
[PlyCount "96"]
[EventDate "2019.05.30"]
[EventType "swiss"]
[EventCountry "SWE"]
[SourceTitle "playchess.com"]
[Source "ChessBase"]
[SourceQuality "1"]

{[%evp 9,96,37,36,13,11,4,15,9,61,29,49,0,24,0,30,30,68,61,76,56,68,25,64,52,68,60,85,27,137,58,80,58,68,81,53,20,16,20,33,23,30,31,26,13,83,-19,-18,-67,-63,-70,-90,-85,-79,-60,-35,-46,0,-74,-75,-67,-82,-66,-83,-78,-71,-65,-66,-198,-195,-260,-28,-19,-24,-17,-15,-27,-22,-33,-14,-45,-12,-73,-19,-38,-8,-8,0,0,0]} 1. Nf3 e6 2. g3 f5 3. Bg2 Nf6 4. O-O g6 (4... d5 5. d3 Bd6 6. c4 dxc4 7. dxc4 O-O 8. Nc3 Nc6 9. e4 e5 10. Bg5 Kh8 11. exf5 Bxf5 12. Nh4 Be6 13. Nd5 Qd7 14. Nxf6 gxf6 {0-1 (53) Kramnik,V (2812)-Carlsen,M (2855) Leuven 2016}) 5. d3 Bg7 6. c4 {A04: Unusual lines after 1 Nf3 and King's Indian Attack} O-O 7. Nc3 d6 8. Rb1 h6 $146 (8... Nc6 $11) ({Predecessor:} 8... a5 9. a3 Nc6 10. b4 axb4 11. axb4 Nh5 12. Bd2 {1-0 (67) Gonzalez,R (2451)-Juarez Flores,R (2109) Guatemala City 2019}) 9. b4 e5 10. Nd5 g5 11. Bb2 Nbd7 12. Nd2 Nh7 13. b5 Nc5 14. Nb3 $36 {[%mdl 2048] White fights for an advantage.} Ne6 15. Qc2 Bd7 16. Nb4 Rb8 17. a4 Qe7 18. Rbc1 (18. Rbd1 $16) 18... Be8 {[#]} (18... g4 $11) 19. c5 ({Better is} 19. Na5 $1 $16) 19... Bh5 20. Rfe1 f4 21. cxd6 cxd6 22. Nd2 Nf6 23. Nd5 Nxd5 24. Bxd5 Kh8 25. Qc4 Nc5 26. d4 Nd7 (26... exd4 $11 27. Bxd4 Rbe8) 27. Be6 (27. Bf3 $16 Bg6 28. Qc7) 27... Nb6 $11 28. Qb3 {[#]} Nxa4 $1 {[%mdl 512] Hoping for ...fxg3.} 29. Qxa4 {Bd5 is the strong threat.} Qxe6 30. dxe5 dxe5 31. Qxa7 Qd5 (31... Rbd8 $5 {[%cal Rd8d2]} 32. Nf3 Rd7 $15) 32. Nf3 Qxb5 33. Ba1 (33. Bxe5 $1 $11 Bxe5 34. Rc5 {[%mdl 64] Double Attack}) 33... Ra8 $17 34. Qc5 Qxc5 35. Rxc5 {[#]} Rxa1 $1 {[%mdl 512]} 36. Rxa1 e4 37. Ne5 Re8 {Threatens to win with ...fxg3.} 38. gxf4 (38. g4 $1 $15 Bxe5 39. Rxe5 Rxe5 40. gxh5) 38... gxf4 $19 39. Nc4 ({Don't blunder} 39. Raa5 $2 b6 $19) (39. Ra4 $142 b6 40. Rd5 Bxe5 41. Rxe4) 39... Bxa1 $2 ({Black should try} 39... Bxe2 $19 40. Ra2 {[#]} Bd4 $1 {[%mdl 512]} 41. Rxe2 Bxc5) 40. Rxh5 {[%mdl 4096] Endgame KRB-KRN} f3 41. exf3 exf3 {[%cal Re8e1]} 42. h4 Rg8+ 43. Kh1 Bd4 44. Nd2 Bxf2 {And now ...Rg3 would win.} 45. Rxh6+ Kg7 46. Rd6 Bxh4 {next ...Rd8 is good for Black.} 47. Nxf3 Rh8 48. Kg2 b5 {Accuracy: White = 38%, Black = 40%.} 1/2-1/2

[Event "16th Deltalift Open 2019"]
[Site "Halmstad"]
[Date "2019.05.31"]
[Round "5.11"]
[White "Cramling Bellon, Anna"]
[Black "Lindgren, Fredrik"]
[Result "1/2-1/2"]
[WhiteElo "1990"]
[BlackElo "2278"]
[Annotator "TA"]
[PlyCount "177"]
[EventDate "2019.05.30"]
[EventType "swiss"]
[EventCountry "SWE"]
[SourceTitle "playchess.com"]
[Source "ChessBase"]
[SourceQuality "1"]

{[%evp 9,177,-2,-2,-1,0,-8,-7,-24,10,12,32,24,21,25,162,152,232,226,210,234,211,81,139,133,170,85,127,70,69,69,89,68,65,46,59,39,43,35,63,41,37,30,38,16,17,0,33,12,11,0,16,0,0,-44,-11,-21,-5,-2,-2,-4,0,-50,-10,-24,-20,-24,9,8,35,6,8,7,8,7,8,0,17,21,67,66,97,0,0,0,8,0,0,-8,-8,-8,-8,-8,16,17,22,7,8,0,8,8,8,8,161,154,154,154,154,154,186,154,230,230,230,230,230,230,230,154,245,125,125,125,125,125,154,125,154,154,230,230,230,154,230,230,230,230,230,230,230,230,230,0,230,154,154,154,230,154,154,8,8,0,0,0,0,0,0,0,0,0,0,0,0,0,0,0,0,0,0,0]} 1. d4 Nf6 2. c4 c5 3. d5 a6 4. e3 (4. Nc3 b5 5. Nf3 d6 6. e4 b4 7. Na4 Nxe4 8. Bd3 Nf6 9. Bg5 g6 10. a3 a5 11. O-O Bg7 12. Qd2 O-O {1-0 (60) Carlsen,M (2862)-Drozdowski,K (2472) chess.com INT 2014}) 4... e6 5. dxe6 fxe6 6. Nc3 {A56: Czech Benoni} d5 $146 ({Predecessor:} 6... Be7 7. Nf3 O-O 8. Be2 Qc7 9. h3 b6 10. Qc2 Bb7 11. Bd2 Nc6 12. a3 Kh8 13. O-O-O {0-1 (32) Happel,J (1555)-Ruehrmund,D (1897) Bad Homburg 2010}) 7. Nf3 Nc6 8. Bd3 Bd6 9. O-O Bc7 10. cxd5 exd5 11. e4 $1 {[%cal Re4d5]} c4 (11... O-O $11 {and Black stays safe.}) 12. exd5 $18 cxd3 (12... O-O $16) 13. dxc6 bxc6 {With the idea ...0-0.} 14. Re1+ Kf8 15. Ne5 (15. Be3 $18 {is more deadly. Strongly threatening Bc5+.} Bd6 16. Na4) 15... Qd4 (15... Bxe5 $142 16. Rxe5 Bg4) 16. Nxd3 $16 {Threatens to win with Be3.} Bg4 17. Nf4 ({Don't go for} 17. Qb3 $2 Qxd3 18. Be3 Qd6 $17) (17. Ne2 $18 Qc4 18. b3) 17... Qc4 18. Qb3 (18. Qd3 $16 Qxd3 19. Nxd3) 18... Qxb3 $14 19. axb3 Kf7 20. Nd3 Rhb8 21. Nc5 Bd6 22. N3e4 ({Not} 22. Nxa6 $2 Rb6 $19) 22... Nxe4 23. Nxe4 Be7 24. Bd2 Rxb3 25. Bc3 Rb5 26. h3 Be6 27. Ra4 Bd5 28. Nd2 Bf6 29. Rf4 (29. g4 {is interesting.} a5 30. Ne4 Be7 31. Rea1 Re8 32. f3) 29... Re8 30. Rxe8 (30. Ra1 {looks sharper.} a5 31. Nf3 h6 32. Bxf6 gxf6 33. Nd4) 30... Kxe8 31. Nc4 {[#] Nd6+ is the strong threat.} Ke7 32. Ne3 Be6 33. Bxf6+ gxf6 $11 {[%mdl 4096] Endgame KRB-KRN} 34. b4 h5 35. Nc2 Rf5 36. Re4 {Black must now prevent Nd4.} Re5 37. Rf4 Re2 38. Nd4 Re1+ 39. Kh2 Bd5 40. Nf5+ Kf7 41. Ne3 Be6 42. Kg3 Rc1 43. Kh4 c5 44. Kxh5 c4 45. Ng4 (45. Rd4 $16) 45... Kg7 46. Nxf6 Bf7+ 47. Kg5 c3 {aiming for ...Re1.} 48. Ng4 Rg1 {Hoping for ...c2.} 49. Ne3 Rxg2+ $1 50. Kh4 $132 {[%mdl 2048] White puts up resistance} (50. Nxg2 $2 {loses.} c2 $19) 50... Rh2 51. Kg3 Rh1 52. Kg2 Rb1 {next ...Bb3 is good for Black.} 53. Rd4 Rb2 {White should prevent ...c2.} 54. Rd6 Rxb4 55. Rxa6 Re4 $2 (55... Bg6 $11 {and Black is okay.}) 56. Ra3 $18 c2 57. Nxc2 Bd5 58. Kg3 Re6 59. Ra7+ Kh6 (59... Kg6 $16 {was necessary.} 60. Ne3 Be4) 60. Ne3 Be4 61. Ng4+ Kg6 62. Ra5 Bf5 63. Ne3 Be4 (63... Bd3 $16 64. h4 Be2) 64. Ng2 ({Better is} 64. f4 $18) 64... Bxg2 $16 65. Kxg2 {KR-KR} Rb6 66. Kg3 Rc6 67. f4 Rb6 68. Kg4 Rc6 (68... Rb1 $16 {might work better.} 69. Ra6+ Kg7) 69. h4 $18 Rb6 70. Rg5+ Kh6 {[#]} (70... Kh7 $16 {was called for.} 71. Re5 Rg6+ 72. Kf5 Rg1 73. Re7+ Kh6) 71. h5 $1 Ra6 72. Re5 Rb6 73. Re8 Ra6 74. Rh8+ Kg7 75. Re8 Kh6 76. Kf5 {Intending Re6+ and mate.} Ra4 77. Re7 Rb4 (77... Ra1 $16 78. Rf7 Rg1) 78. Re1 Rb8 79. Re5 (79. Kg4 $16) 79... Kxh5 $11 {The position is equal.} 80. Ke6+ Kg6 81. f5+ Kg7 82. f6+ Kf8 83. Rd5 Re8+ 84. Kf5 {White threatens Kg6 and mate.} Re1 85. Rd6 Rf1+ 86. Ke6 {[%cal Rd6d8]} Re1+ 87. Kd7 Kf7 88. Kd8 Re6 89. Rxe6 {Accuracy: White = 48%, Black = 44%.} 1/2-1/2

[Event "16th Deltalift Open 2019"]
[Site "Halmstad"]
[Date "2019.05.31"]
[Round "5.12"]
[White "Johnson, Daniel"]
[Black "Andersson, Lars"]
[Result "1-0"]
[WhiteElo "2233"]
[BlackElo "1997"]
[Annotator "RC"]
[PlyCount "85"]
[EventDate "2019.05.30"]
[EventType "swiss"]
[EventCountry "SWE"]
[SourceTitle "playchess.com"]
[Source "ChessBase"]
[SourceQuality "1"]
[TimeControl "40/5400+30:1800+30"]

1. d4 {[%emt 0:01:48]} Nf6 {[%emt 0:00:00]} 2. c4 {[%emt 0:00:08]} g6 {[%emt 0:00:00]} 3. Nc3 {[%emt 0:00:15]} Bg7 {[%emt 0:00:00]} 4. e4 {[%emt 0:00:06]} d6 {[%emt 0:00:00]} 5. f3 {[%emt 0:00:05]} O-O {[%emt 0:00:25]} 6. Nge2 {[%emt 0:00:18]} c5 {[%emt 0:00:31]} 7. d5 {[%emt 0:00:21]} e6 {[%emt 0:00:26]} 8. Ng3 {[%emt 0:00:48]} exd5 {[%emt 0:00:17]} 9. cxd5 {[%emt 0:00:06]} h5 {[%emt 0:01:56]} 10. Bg5 {[%emt 0:05:15]} Qb6 {[%emt 0:00:13]} 11. Qd2 {[%emt 0:01:03]} Nh7 {[%emt 0:06:07]} 12. Be3 {[%emt 0:00:43]} h4 {[%emt 0:03:33]} 13. Nge2 {[%emt 0:00:57]} Nd7 {[%emt 0:02:44]} 14. Nf4 {[%emt 0:06:41]} Ne5 {[%emt 0:03:51]} 15. Be2 {[%emt 0:05:49]} a6 {[%emt 0:18:42]} 16. O-O {[%emt 0:03:46]} Qd8 {[%emt 0:02:20]} 17. a4 {[%emt 0:00:38]} Qe7 {[%emt 0:03:19]} 18. Kh1 {[%emt 0:12:52]} Bd7 {[%emt 0:05:15]} 19. a5 {[%emt 0:05:18]} Rfb8 {[%emt 0:17:30]} 20. Ra2 {[%emt 0:05:36]} Qe8 {[%emt 0:04:42]} 21. Nh3 {[%emt 0:15:33]} Bb5 {[%emt 0:09:40]} 22. Nxb5 {[%emt 0:10:01]} axb5 {[%emt 0:00:05]} 23. Rc1 {[%emt 0:01:55]} Nc4 {[%emt 0:02:07]} 24. Bxc4 {[%emt 0:04:05]} bxc4 {[%emt 0:00:02]} 25. Rxc4 {[%emt 0:03:31]} b5 {[%emt 0:00:18]} 26. Rc1 {[%emt 0:00:44]} b4 {[%emt 0:01:05]} 27. Bf4 {[%emt 0:04:37]} Ra6 {[%emt 0:02:56]} 28. e5 {[%emt 0:04:55]} dxe5 {[%emt 0:01:00]} 29. Be3 {[%emt 0:00:37]} Bf8 {[%emt 0:06:47]} 30. Bxc5 {[%emt 0:02:35]} Qb5 {[%emt 0:00:10]} 31. Bxf8 {[%emt 0:01:05]} Nxf8 {[%emt 0:00:02]} 32. Ng5 {[%emt 0:02:59]} Rxa5 {[%emt 0:00:57]} 33. Rxa5 {[%emt 0:00:33]} Qxa5 {[%emt 0:00:01]} 34. Ne4 {[%emt 0:00:29]} Nd7 {[%emt 0:03:27]} 35. h3 {[%emt 0:00:37]} Rd8 {[%emt 0:04:13]} 36. d6 {[%emt 0:00:32]} Kg7 {[%emt 0:00:49]} 37. Qg5 {[%emt 0:00:29]} f6 {[%emt 0:00:53]} 38. Qxh4 {[%emt 0:00:21]} Qd5 {[%emt 0:00:59]} 39. Rc7 {[%emt 0:00:39]} Qe6 {[%emt 0:01:20]} 40. Qe1 {[%emt 0:00:37]} f5 {[%emt 0:00:24]} 41. Nc5 {[%emt 0:06:04]} Qxd6 {[%emt 0:00:15]} 42. Qh4 {[%emt 0:02:51]} Rh8 {[%emt 0:05:38]} 43. Rxd7+ {[%emt 0:01:18]} 1-0

[Event "16th Deltalift Open 2019"]
[Site "Halmstad"]
[Date "2019.05.31"]
[Round "5.13"]
[White "Ytterberg, Felix"]
[Black "Crevatin, Leo"]
[Result "0-1"]
[WhiteElo "2018"]
[BlackElo "2210"]
[Annotator "RC"]
[PlyCount "102"]
[EventDate "2019.05.30"]
[EventType "swiss"]
[EventCountry "SWE"]
[SourceTitle "playchess.com"]
[Source "ChessBase"]
[SourceQuality "1"]
[TimeControl "40/5400+30:1800+30"]

1. d4 {[%emt 0:00:00]} d5 {[%emt 0:00:00]} 2. c4 {[%emt 0:00:00]} e6 {[%emt 0:00:00]} 3. Nc3 {[%emt 0:00:00]} a6 {[%emt 0:00:00]} 4. cxd5 {[%emt 0:01:06]} exd5 {[%emt 0:00:00]} 5. Nf3 {[%emt 0:01:59]} Nf6 {[%emt 0:00:00]} 6. Bg5 {[%emt 0:01:01]} Be6 {[%emt 0:00:10]} 7. e3 {[%emt 0:01:31]} Nbd7 {[%emt 0:00:23]} 8. Bd3 {[%emt 0:00:34]} Bd6 {[%emt 0:00:24]} 9. Qc2 {[%emt 0:03:49]} h6 {[%emt 0:00:47]} 10. Bh4 {[%emt 0:00:23]} c6 {[%emt 0:03:12]} 11. Nd2 {[%emt 0:03:05]} Qc7 {[%emt 0:03:45]} 12. Bg3 {[%emt 0:01:54]} O-O {[%emt 0:09:21]} 13. Bxd6 {[%emt 0:02:51]} Qxd6 {[%emt 0:00:02]} 14. O-O {[%emt 0:02:37]} Rfe8 {[%emt 0:04:24]} 15. h3 {[%emt 0:01:56]} c5 {[%emt 0:05:51]} 16. Nf3 {[%emt 0:02:27]} c4 {[%emt 0:03:02]} 17. Be2 {[%emt 0:00:54]} b5 {[%emt 0:00:37]} 18. a3 {[%emt 0:04:46]} g6 {[%emt 0:08:05]} 19. Nh4 {[%emt 0:01:04]} Nf8 {[%emt 0:04:55]} 20. f4 {[%emt 0:00:38]} Bd7 {[%emt 0:03:00]} 21. f5 {[%emt 0:07:54]} g5 {[%emt 0:02:20]} 22. Nf3 {[%emt 0:00:12]} Rxe3 {[%emt 0:04:05]} 23. Ne5 {[%emt 0:00:35]} Qb6 {[%emt 0:01:29]} 24. Qd2 {[%emt 0:00:59]} Rxe5 {[%emt 0:00:07]} 25. Kh1 {[%emt 0:02:25]} Re7 {[%emt 0:03:59]} 26. h4 {[%emt 0:00:25]} N8h7 {[%emt 0:01:08]} 27. Bf3 {[%emt 0:02:06]} Qd6 {[%emt 0:00:19]} 28. Nxd5 {[%emt 0:02:19]} Nxd5 {[%emt 0:00:30]} 29. f6 {[%emt 0:00:22]} Re6 {[%emt 0:01:38]} 30. hxg5 {[%emt 0:00:41]} hxg5 {[%emt 0:01:52]} 31. Bg4 {[%emt 0:01:23]} Re4 {[%emt 0:01:36]} 32. Bxd7 {[%emt 0:04:05]} Rh4+ {[%emt 0:02:55]} 33. Bh3 {[%emt 0:00:20]} Nf4 {[%emt 0:01:35]} 34. Rf3 {[%emt 0:01:40]} Nxf6 {[%emt 0:00:56]} 35. Re1 {[%emt 0:03:53]} Nxh3 {[%emt 0:00:25]} 36. gxh3 {[%emt 0:00:10]} Qd5 {[%emt 0:00:30]} 37. Kh2 {[%emt 0:00:23]} Rxd4 {[%emt 0:01:06]} 38. Qg2 {[%emt 0:01:54]} Rd2 {[%emt 0:00:45]} 39. Re2 {[%emt 0:00:18]} Rxe2 {[%emt 0:00:04]} 40. Qxe2 {[%emt 0:00:12]} Re8 {[%emt 0:01:07]} 41. Qg2 {[%emt 0:30:36]} Qd6+ {[%emt 0:30:14]} 42. Kg1 {[%emt 0:01:07]} Re1+ {[%emt 0:00:08]} 43. Rf1 {[%emt 0:00:29]} Rxf1+ {[%emt 0:00:28]} 44. Qxf1 {[%emt 0:00:10]} Qg3+ {[%emt 0:00:10]} 45. Kh1 {[%emt 0:00:11]} Ne4 {[%emt 0:00:10]} 46. Qg2 {[%emt 0:00:22]} Nf2+ {[%emt 0:00:10]} 47. Kg1 {[%emt 0:00:12]} Nxh3+ {[%emt 0:00:05]} 48. Kf1 {[%emt 0:00:13]} Qxg2+ {[%emt 0:00:05]} 49. Kxg2 {[%emt 0:00:10]} g4 {[%emt 0:00:07]} 50. Kg3 {[%emt 0:00:13]} f5 {[%emt 0:00:04]} 51. Kh4 {[%emt 0:00:21]} a5 {[%emt 0:00:44]} 0-1

[Event "16th Deltalift Open 2019"]
[Site "Halmstad"]
[Date "2019.05.31"]
[Round "5.14"]
[White "Sjoberg, Isak"]
[Black "Falkevall, Axel"]
[Result "1/2-1/2"]
[WhiteElo "2208"]
[BlackElo "1960"]
[Annotator "TA"]
[PlyCount "95"]
[EventDate "2019.05.30"]
[EventType "swiss"]
[EventCountry "SWE"]
[SourceTitle "playchess.com"]
[Source "ChessBase"]
[SourceQuality "1"]

{[%evp 22,95,62,54,203,142,163,120,130,69,302,301,295,286,286,276,293,290,418,235,270,251,630,448,456,447,442,301,307,281,292,201,215,134,144,158,136,131,206,211,287,293,308,296,289,288,303,101,204,200,428,472,449,428,398,-16,-16,-16,-16,-18,-18,-73,-18,-16,-16,-20,-16,-18,-20,-42,-18,-56,-19,-43,0,-72]} 1. e4 e6 2. d4 d5 3. Nd2 Nf6 4. e5 Nfd7 5. c3 c5 6. f4 Nc6 7. Ndf3 Qb6 8. g3 cxd4 9. cxd4 Bb4+ 10. Kf2 f6 11. Kg2 O-O 12. Bd3 Nxd4 {C05: French Tarrasch: 3...Nf6 4 e5 Nfd7, 5 f4 and 5 Bd3 sidelines} (12... Be7 $14) 13. Nxd4 fxe5 14. fxe5 Nxe5 {White is better.} 15. Bf4 (15. Bc2 $16) 15... Ng4 $2 (15... Nxd3 $14 16. Qxd3 Bd6) (15... Nxd3 16. Qxd3 Bd6 17. Ngf3 Bxf4 18. gxf4 Rxf4 19. Rhe1 Bd7 20. Kh1 Raf8 21. Rad1 {1-0 (41) Petrov,N (2591)-Kalezic,B (2460) Skopje 2019}) 16. Qxg4 $18 Qxd4 17. Qe2 Rxf4 18. gxf4 Qxf4 19. Nh3 Qh4 (19... Qh6 $142) 20. Qf2 $146 (20. Rhf1 $142) ({Predecessor:} 20. Qe5) 20... Qg4+ 21. Qg3 Qd4 $2 (21... e5 22. Rhf1 Bc5) 22. Rhf1 e5 23. Ng5 h6 24. Qf3 {Threatening mate with Qf7+.} Qg4+ 25. Qxg4 Bxg4 26. Kg3 Bd7 27. Nh3 e4 28. Be2 d4 29. Bc4+ Kh7 (29... Kh8 $16) 30. Bd5 Re8 31. Rf7 $1 {[%cal Rf7d7]} (31. Bxb7 e3 $11) 31... Bc6 32. Bxc6 bxc6 33. Nf4 ({Not} 33. Rxa7 e3 $16) 33... d3 34. Kh3 $2 (34. Rxa7 $18 {has better winning chances. a4 is the strong threat.} Bd2 35. Rd7) 34... Kg8 {[#]} (34... Bd2 $16) 35. Rd7 $1 ({Much less strong is} 35. Rxa7 Bd6) 35... Rf8 $2 (35... d2 36. Ne2 e3) 36. Ne6 Rf3+ 37. Kg2 Rf6 38. Rd4 $2 (38. a3 $18 Rg6+ 39. Kh3) 38... Rxe6 $11 39. Rxb4 {Strongly threatening Rb8+.} e3 40. Rd4 d2 41. Rd8+ {[#]} (41. b4 $11) 41... Kh7 ({Black should play} 41... Kf7 $1 $17) 42. Kf3 {And now Ke2 would win.} e2 43. Rxd2 e1=Q 44. Rxe1 Rxe1 45. Rd7 Rf1+ 46. Kg3 Rg1+ 47. Kf3 Rf1+ 48. Ke4 {Accuracy: White = 46%, Black = 33%.} (48. Kg3 $11 {keeps the balance.}) 1/2-1/2